La suma de los días / (Registro nro. 3309)

Detalles MARC
000 -LEADER
fixed length control field 01588nam a2200193 a 4500
008 - CAMPO DE CONTROL (LIBRO)
fixed length control field 161215t2009 ag |||g |||| 00| f spa d
020 ## - INTERNATIONAL STANDARD BOOK NUMBER
ISBN 9789500728591
041 ## - CODIGO DE IDIOMA
Código de idioma del texto/pista de sonido o título separado spa
092 ## - SIGNATURA TOPOGRAFICA DEWEY LOCAL
número de clasificación 863
libristica 3
sección ALL
100 1# - ENTRADA PRINCIPAL--NOMBRE PERSONAL
Nombre personal Allende, Isabel
9 (RLIN) 3210
245 #3 - TITULO PROPIAMENTE DICHO
Título La suma de los días /
Mención de responsabilidad y remanente de la transcripción de la portada Isabel Allende
250 ## - MENCION DE EDICION
Mención de edición 9a ed.
260 ## - PIE DE IMPRENTA
Lugar de publicación, distribución, etc Buenos Aires:
Nombre de la editorial, distribuidor, etc Sudamericana;
Fecha de publicación 2009.
300 ## - DESCRIPCION FISICA
Extension 368 p.
Dimensiones 25x16 cm.
500 ## - NOTA GENERAL
Nota general Allende, I. (2009). La suma de los días. (9a ed.). Buenos Aires : Sudamericana.
505 ## - NOTA DE CONTENIDO
Nota de contenido formateada En las páginas de este libro, Isabel Allende narra con franqueza la historia reciente de su vida y la de su peculiar familia en California, en una casa abierta, llena de gente y de personajes literarios, y protegida por un espíritu: hijas perdidas, nietos y libros nacen, éxitos y dolores, un viaje al mundo de las adicciones y otros a lugares remotos del mundo en busca de inspiración, junto a divorcios, encuentros, amores, separaciones, crisis de pareja y reconciliaciones. También es una historia de amor entre un hombre y una mujer maduros, que han salvado juntos muchos escollos sin perder ni la pasión ni el humor, y de una familia moderna, desgarrada por conflictos y unida, a pesar de todo, por el cariño y la decisión de salir adelante. Esta es la familia que descubrimos en Paula y que desciende de los personajes de la Casa de los Espíritus. Una obra al tiempo emotiva y escrita en el tono irónico y apasionado que caracteriza a la autora, en la que nos entrega la suma de los días como mujer y como escritora.
655 ## - MATERIA - GENERO/FORMA
Género/Forma Novela
-- 3091
942 ## - ADDED ENTRY ELEMENTS (KOHA)
Source of classification or shelving scheme Dewey Decimal Classification
Item type LITERATURA
Existencias
Estado de retiro Existencia Fuente de clasificación Estado general No para prestamo Ubicación permanente ubicación actual Sala de ubicación Fecha de adquisición Fuente de adquisición Total Checkouts Número de clasificación Código de barras Date last seen Número de ejemplar Price effective from Koha tipo de elemento (item) Public note Coded location qualifier
    Dewey Decimal Classification     Biblioteca Medicina Biblioteca Medicina Circulación 22/09/2025 Donación Guerra, Valeria. Septiembre 2025.   863 3 ALL 5114 22/09/2025 Ej. 1 22/09/2025 LITERATURA Donación Guerra, Valeria. Septiembre 2025. Sede Tordos.  

UNIVERSIDAD NACIONAL DEL COMAHUE
Biblioteca de la Facultad de Ciencias Médicas
Sede Toschi: Los Arrayanes y Av. Toschi, Cipolletti  - Rio Negro
Sede Los Tordos:  Yrigoyen al 2211, Cipolletti - Rio Negro 

Teléfono: 0299 - 4774707 int 25
Contacto: biblioteca@facimed.uncoma.edu.ar
© 2011 - 2026